000 00593nam a2200217Ia 4500
003 OSt
005 20220928145109.0
006 a|||||r|||| 00| 0
007 ta
008 220927b |||||||| |||| 00| 0 eng d
024 _a78764
037 _cTextual
040 _aSDCL
_cSDCL
_beng
041 _2eng
_aeng
082 _aV27355'C, L5.1-.2
100 _aBarua Benimadhab
_9511660
245 0 _aGaya and Buddha - Gaya
_b Early history of the Holy - 1 and.. 2V.
260 _c1975
942 _hV27355'C, L5.1-.2
_cTEXL
_2CC
999 _c831956
_d831956